Creating significant learning experiences, revised and update (Registro nro. 63945)
[ vista simple ]
| 000 -ENCABEZADO | |
|---|---|
| Número de control [NR] | 01396nam a2200313Ia 4500 |
| 005 - FECHA Y HORA DE LA ÚLTIMA TRANSACCIÓN | |
| control field | 20211105120609.0 |
| 008 - DE LONGITUD FIJA DE DATOS DE ELEMENTOS - INFORMACIÓN GENERAL | |
| Elementos de longitud fija [NR] | 130821s2013 xxuad gr 1 eng d |
| 020 ## - NUMERO INTERNACIONAL NORMALIZADO PARA LIBROS [R] | |
| Número Internacional Normalizado del libro [NR] | 787960551 |
| 020 ## - NUMERO INTERNACIONAL NORMALIZADO PARA LIBROS [R] | |
| Número Internacional Normalizado del libro [NR] | 9781118124253 [2a.Ed.] |
| 040 ## - FUENTE DE CATALOGACION [NR] | |
| Agencia de catalogación original [NR] | Co-BoUCM |
| Idioma de catalogación [NR] | spa |
| Quien Cataloga | Saul Niño (Modificó) |
| Quien Clasifica | [Nuevo] |
| 041 00 - CODIGO DE IDIOMA [R] | |
| Código de idioma para texto/pista de sonido o título separado [R] | Inglés |
| 100 1# - ASIENTO PRINCIPAL--NOMBRE PERSONAL [NR] | |
| Nombre personal [NR] | Fink, L. Dee |
| Fechas asociadas con el nombre [NR] | 1940- |
| ID Autoridad | 80246 |
| 245 10 - MENCION DE TITULO [NR] | |
| Título [NR] | Creating significant learning experiences, revised and update |
| Mención de responsabilidad, etc. [NR] | L. Dee Fink |
| Parte restante del título [NR] | an integrated approach to designing college courses |
| 246 1# - FORMA VARIANTE DEL TITULO [R] | |
| Título propiamente dicho/forma breve del título [NR] | Creating significant learning experiences |
| Parte restante del título [NR] | an integrated approach to designing college courses |
| 250 ## - MENCION DE EDICION [NR] | |
| Mención de edición [NR] | [2a.Ed.] |
| 260 ## - PUBLICACION, DISTRIBUCION, ETC. (PIE DE IMPRENTA) [R] | |
| Lugar de publicación, distribución, etc. [R] | San Francisco (California, Estados Unidos) |
| Nombre del editor, distribuidor, etc. [R] | Jossey-Bass |
| Fecha de publicación, distribución, etc. [R] | 2013 |
| 300 ## - DESCRIPCION FISICA [R] | |
| Extensión [R] | xviii, 334 páginas |
| Otros detalles físicos [NR] | ilustraciones, tablas, gráficas |
| 490 0# - MENCION DE SERIE [R] | |
| Mención de serie [R] | The Jossey-Bass higher and adult education series |
| 500 ## - NOTA GENERAL [R] | |
| Nota general [NR] | 2013 - Edición revisada y actualizada |
| 504 ## - NOTA DE BIBLIOGRAFIA, ETC. [R] | |
| Nota de bibliografía, etc. [NR] | Incluye referencias bibliográficas e índices |
| 650 17 - ASIENTO SECUNDARIO DE MATERIA - TERMINO TEMATICO [R] | |
| Término temático o nombre geográfico como elemento de entrada [NR] | Educación superior |
| Subdivisión geográfica [R] | Estados Unidos |
| 9 (RLIN) | 39343 |
| 650 27 - ASIENTO SECUNDARIO DE MATERIA - TERMINO TEMATICO [R] | |
| Término temático o nombre geográfico como elemento de entrada [NR] | Enseñanza universitaria |
| Subdivisión geográfica [R] | Estados Unidos |
| 9 (RLIN) | 79099 |
| 650 27 - ASIENTO SECUNDARIO DE MATERIA - TERMINO TEMATICO [R] | |
| Término temático o nombre geográfico como elemento de entrada [NR] | Planes de estudio |
| Subdivisión geográfica [R] | Estados Unidos |
| 9 (RLIN) | 21628 |
| 650 27 - ASIENTO SECUNDARIO DE MATERIA - TERMINO TEMATICO [R] | |
| Término temático o nombre geográfico como elemento de entrada [NR] | Planificación universitaria |
| Subdivisión geográfica [R] | Estados Unidos |
| 9 (RLIN) | 21676 |
| 650 27 - ASIENTO SECUNDARIO DE MATERIA - TERMINO TEMATICO [R] | |
| Término temático o nombre geográfico como elemento de entrada [NR] | Profesores universitarios |
| Subdivisión geográfica [R] | Estados Unidos |
| 9 (RLIN) | 22476 |
| 690 ## - ASUNTO AGREGADO LOCAL DE ENTRADA - TÉRMINO TEMÁTICO (OCLC, RLIN) | |
| Acceso temático local | Educación superior |
| 9 (RLIN) | 177 |
| 942 ## - ELEMENTOS DE ENTRADA AGREGADOS (KOHA) | |
| Tipo de ítem principal el descrito en 300a | Libro |
| Tema principal | Educación |
| Edición | 2 |
| Parte restante de la signatura top. | F499c |
| Sistema de clasificación | DEWEY |
| Clasificación | 378.12 |
| Título oculto en OPAC | No |
| Fecha de último préstamo | Total préstamos | Signatura topográfica | Código de barras | Última vez visto | Ejemplar | Price effective from | Tipo de ítem | Perdido | Sistema de clasificación | Dañado | No prestable | Tipo de ítem específico | Suprimido | Ubicación habitual | Ubicación actual | Localización | Fecha de creación | Forma de adquisición | Costo | Total Renewals | Volúmen / Fascículo | Costo de reposición | Proveedor |
|---|---|---|---|---|---|---|---|---|---|---|---|---|---|---|---|---|---|---|---|---|---|---|---|
| 25/03/2014 | 7 | 378.12 F499c | 100102770 | 07/12/2016 | Ej.1 | 03/02/2013 | Libro | DEWEY | Libro | Bodega | Bodega | Préstamo 4 días después de solicitado | 28/02/2013 | Compra | 165000.00 | ||||||||
| 28/09/2016 | 1 | 378.12 F499c | 100150530 | 05/12/2025 | Ej.1 | 19/09/2016 | Libro | DEWEY | Libro | Claustro | Claustro | 2do piso | 19/09/2016 | Compra | 102994.00 | 2 | 2a.Ed. | 102994.00 | 19 | ||||
| 29/11/2018 | 2 | 378.12 F499c | 100158135 | 05/12/2025 | Ej.2 | 28/09/2018 | Libro de reserva | DEWEY | Libro de reserva | Claustro | Claustro | 2do piso | 28/09/2018 | Compra | 92219.00 | 1 | 2a.Ed. | 92219.00 | 15 | ||||
| 16/01/2020 | 1 | 378.12 F499c | 100158136 | 05/12/2025 | Ej.3 | 28/09/2018 | Libro | DEWEY | Libro | Claustro | Claustro | 2do piso | 28/09/2018 | Compra | 92219.00 | 2a.Ed. | 92219.00 | 15 |